000 00317cam a22001337a 4500
008 180718b1961 xxu||||| |||| 00| 0 eng d
082 _aA6x52 D415
100 _aDening, Esler
245 _aJapan
_cby Esler Dening
260 _aN.Y.
_bPraeger
_c1961
300 _a263p.
500 _a$1.85
650 _aJapan - History
999 _c363758
_d363758